[Event "Mondiale Lampo FIDE 2019"]
[Site "Mosca"]
[Date "30.12.2019"]
[Round "19.56"]
[White "Sethuraman, S.P."]
[Black "Piorun, Kacper"]
[Result "0-1"]
[WhiteTitle "GM"]
[BlackTitle "GM"]
[WhiteElo "2638"]
[BlackElo "2611"]
[WhiteFideId "5021596"]
[BlackFideId "1130420"]
[EventDate "2019.12.29"]

1. e4 e5 2. Nf3 Nc6 3. Bb5 g6 4. c3 a6 5. Ba4 Bg7 6. d4 exd4 7. cxd4 b5 8. Bb3
Nge7 9. d5 Na5 10. Bd2 c5 11. d6 Nec6 12. Bc3 O-O 13. O-O Nxb3 14. axb3 Re8 15.
Bxg7 Kxg7 16. Nc3 Qf6 17. Qd5 Bb7 18. Qxc5 Ne5 19. Nd4 Nd3 20. Qc7 Bxe4 21. Nxe4
Rxe4 22. Nf3 Rg4 23. Qb7 Re8 24. Kh1 Qxd6 25. h3 Rf4 26. Rxa6 Qc5 27. Qxd7 Nxf2+
28. Rxf2 Qxf2 29. Qxe8 Rxf3 30. Qe5+ f6 31. Qc7+ Kh6 32. Qc1+ Qe3 33. Qxe3+ Rxe3
34. Rxf6 Rxb3 35. Rf2 Rd3 36. Rc2 b4 37. Kg1 b3 38. Re2 Kg5 39. Kf2 h5 40. g3 h4
41. gxh4+ Kxh4 42. Re6 Rd2+ 43. Ke3 Rg2 44. Kd3 Kxh3 45. Kc4 Rg3 46. Rb6 g5 47.
Rh6+ Kg2 48. Kd4 g4 49. Ke4 Rf3 50. Rd6 Rf2 51. Rd3 Rxb2 52. Kf4 Rf2+ 53. Kxg4
b2 54. Rb3 Re2 55. Kf4 Kf2 56. Rb5 Rd2 57. Ke4 Ke2 58. Rb3 Kd1 59. Ke3 Kc1 60.
Rc3+ Rc2 61. Rb3 b1=Q 0-1

[Event "Mondiale Lampo FIDE 2019"]
[Site "Mosca"]
[Date "30.12.2019"]
[Round "19.57"]
[White "Xu, Yinglun"]
[Black "Kazhgaleyev, Murtas"]
[Result "1-0"]
[WhiteTitle "GM"]
[BlackTitle "GM"]
[WhiteElo "2555"]
[BlackElo "2569"]
[WhiteFideId "8604940"]
[BlackFideId "13700316"]
[EventDate "2019.12.29"]

1. d4 Nf6 2. c4 g6 3. Nc3 Bg7 4. e4 d6 5. Nf3 O-O 6. Be2 c6 7. O-O e5 8. d5 Na6
9. Re1 Nc5 10. Qc2 a5 11. Be3 Ng4 12. Bxc5 dxc5 13. Rad1 Qb6 14. h3 Nh6 15. dxc6
bxc6 16. Na4 Qa7 17. Qd2 f5 18. Qe3 fxe4 19. Qxe4 Bf5 20. Qxc6 e4 21. Ng5 Bd4
22. g4 Qe7 23. Qd5+ Nf7 24. Rxd4 cxd4 25. Nxf7 Be6 26. Nh6+ Kg7 27. Qxd4+ Kxh6
28. Nc5 Rf4 29. Qe5 Qf6 30. g5+ Qxg5+ 31. Qxg5+ Kxg5 32. Nxe6+ 1-0

[Event "Mondiale Lampo FIDE 2019"]
[Site "Mosca"]
[Date "30.12.2019"]
[Round "19.58"]
[White "Vastrukhin, Oleg"]
[Black "Gajewski, Grzegorz"]
[Result "1-0"]
[WhiteTitle "IM"]
[BlackTitle "GM"]
[WhiteElo "2428"]
[BlackElo "2626"]
[WhiteFideId "4192770"]
[BlackFideId "1116207"]
[EventDate "2019.12.29"]

1. Nf3 d5 2. g3 Nf6 3. Bg2 c5 4. O-O g6 5. c3 Bg7 6. d4 Nbd7 7. Bf4 O-O 8. a4 b6
9. a5 Bb7 10. Ne5 Nxe5 11. Bxe5 e6 12. Nd2 Bh6 13. e3 Ba6 14. Re1 Nd7 15. Bd6
Re8 16. dxc5 bxc5 17. c4 Bb7 18. Qa4 Rc8 19. a6 Bc6 20. Qa5 Qb6 21. Qxb6 axb6
22. a7 Ba8 23. b4 Rc6 24. bxc5 bxc5 25. Bb8 Rb6 26. cxd5 exd5 27. Reb1 Bg7 28.
Rxb6 Nxb6 29. Rb1 Na4 30. Bd6 Bb2 31. Bf3 c4 32. Bd1 Bc6 33. Bxa4 Bxa4 34. Rxb2
c3 35. Ra2 cxd2 36. Rxd2 Bc6 37. Rc2 Ba8 38. Rb2 f5 39. Bc5 Rc8 40. Bd4 Kf7 41.
Rb8 Re8 42. Kg2 Ke7 43. h3 Kd7 44. g4 fxg4 45. hxg4 Rc8 46. Kg3 Kc7 47. f4 Kd7
48. f5 gxf5 49. gxf5 1-0

[Event "Mondiale Lampo FIDE 2019"]
[Site "Mosca"]
[Date "30.12.2019"]
[Round "19.59"]
[White "Anton Guijarro, David"]
[Black "Huzman, Alexander"]
[Result "1-0"]
[WhiteTitle "GM"]
[BlackTitle "GM"]
[WhiteElo "2685"]
[BlackElo "2567"]
[WhiteFideId "2285525"]
[BlackFideId "2803828"]
[EventDate "2019.12.29"]

1. Nf3 Nf6 2. b3 g6 3. Bb2 Bg7 4. g3 c5 5. c4 d6 6. Bg2 e5 7. O-O Nc6 8. Nc3 O-O
9. d3 Bf5 10. Nd2 Qd7 11. a3 Bh3 12. e3 Bxg2 13. Kxg2 d5 14. e4 dxc4 15. dxc4
Nd4 16. Re1 Rad8 17. Nf3 Rfe8 18. h3 b6 19. a4 Qb7 20. Nd5 Nxd5 21. exd5 Nxf3
22. Qxf3 e4 23. Qe2 f5 24. Bxg7 Qxg7 25. a5 Qf6 26. axb6 axb6 27. Ra7 f4 28.
gxf4 Qxf4 29. Qg4 Qe5 30. Qh4 h5 31. Qg3 Qf6 32. Qc7 Ra8 33. Rxe4 Qg5+ 34. Kh2
Qf6 35. Kg2 Qg5+ 36. Qg3 Qf6 37. Rxa8 Rxa8 38. Re6 1-0

[Event "Mondiale Lampo FIDE 2019"]
[Site "Mosca"]
[Date "30.12.2019"]
[Round "19.60"]
[White "Sek, Konstantin"]
[Black "Riazantsev, Alexander"]
[Result "0-1"]
[BlackTitle "GM"]
[WhiteElo "2446"]
[BlackElo "2639"]
[WhiteFideId "24104302"]
[BlackFideId "4125029"]
[EventDate "2019.12.29"]

1. e4 c6 2. c4 d5 3. exd5 cxd5 4. cxd5 Nf6 5. Qa4+ Nbd7 6. Nc3 g6 7. Bc4 Bg7 8.
d3 O-O 9. Nf3 a6 10. Qa3 b6 11. O-O Bb7 12. Re1 Re8 13. Bf4 Rc8 14. Nd4 b5 15.
Bb3 Qb6 16. Qb4 a5 17. Qxb5 Qxd4 18. Be3 Qb4 19. d6 exd6 20. Qxb4 axb4 21. Nb5
Bf8 22. Bf4 Ne5 23. d4 Nd3 24. Rxe8 Nxe8 25. Bd2 Ba6 26. Na7 Rc7 27. Bxf7+ 0-1

[Event "Mondiale Lampo FIDE 2019"]
[Site "Mosca"]
[Date "30.12.2019"]
[Round "19.61"]
[White "Alekseev, Evgeny"]
[Black "Kovalev, Vladislav"]
[Result "1-0"]
[WhiteTitle "GM"]
[BlackTitle "GM"]
[WhiteElo "2620"]
[BlackElo "2662"]
[WhiteFideId "4138147"]
[BlackFideId "13504398"]
[EventDate "2019.12.29"]

1. c4 Nf6 2. Nc3 g6 3. g3 Bg7 4. Bg2 O-O 5. Nf3 d6 6. O-O e5 7. d3 Nc6 8. Rb1 a5
9. a3 h6 10. b4 axb4 11. axb4 Bf5 12. b5 Ne7 13. Bb2 Qd7 14. Ra1 Bh3 15. Qc2 Nh5
16. e3 Bxg2 17. Kxg2 Rab8 18. d4 exd4 19. Nxd4 Rfe8 20. Rad1 Nf6 21. Nce2 c6 22.
Nf4 d5 23. Nf3 Rbd8 24. Qe2 Qf5 25. bxc6 bxc6 26. cxd5 Nexd5 27. Nxd5 Rxd5 28.
Rxd5 Qxd5 29. Rd1 Qe4 30. Qd3 c5 31. Bc3 Qb7 32. Rb1 Qc6 33. Qb5 Qe4 34. Rd1 Rc8
35. Qd3 Qxd3 36. Rxd3 Ne4 37. Bxg7 Kxg7 38. Rd1 c4 39. Rc1 c3 40. Nd4 f5 41. f3
Nd6 42. Kf2 Kf6 43. Ke2 g5 44. Kd3 g4 45. Rxc3 Rxc3+ 46. Kxc3 gxf3 47. Nxf3 Ne4+
48. Kd4 Nf2 49. Kd5 Ng4 50. Kd4 1-0

[Event "Mondiale Lampo FIDE 2019"]
[Site "Mosca"]
[Date "30.12.2019"]
[Round "19.62"]
[White "Belov, Vladimir"]
[Black "Kryakvin, Dmitry"]
[Result "1/2-1/2"]
[WhiteTitle "GM"]
[BlackTitle "GM"]
[WhiteElo "2598"]
[BlackElo "2596"]
[WhiteFideId "4132394"]
[BlackFideId "4153278"]
[EventDate "2019.12.29"]

1. d4 Nf6 2. c4 g6 3. Nc3 Bg7 4. e4 d6 5. Nf3 O-O 6. Be2 c5 7. d5 e6 8. O-O Re8
9. Bg5 h6 10. Bf4 exd5 11. exd5 Bf5 12. h3 Ne4 13. Nxe4 Bxe4 14. Bd3 Bxd3 15.
Qxd3 Qf6 16. Bg3 Nd7 17. Rab1 Re7 18. b3 Rae8 19. Rfe1 Rxe1+ 1/2-1/2

[Event "Mondiale Lampo FIDE 2019"]
[Site "Mosca"]
[Date "30.12.2019"]
[Round "19.64"]
[White "Zarnicki, Pablo"]
[Black "Khusnutdinov, Rustam"]
[Result "0-1"]
[WhiteTitle "GM"]
[BlackTitle "GM"]
[WhiteElo "2514"]
[BlackElo "2491"]
[WhiteFideId "100137"]
[BlackFideId "13701703"]
[EventDate "2019.12.29"]

1. e4 e6 2. d4 d5 3. exd5 exd5 4. Nf3 Nc6 5. Bb5 Bd6 6. O-O Ne7 7. c4 dxc4 8. d5
Nxd5 9. Re1+ Ne7 10. Bxc4 O-O 11. Ng5 Bf5 12. Nc3 Ne5 13. Bb3 Nd3 14. Re3 Nxc1
15. Rxc1 h6 16. Nge4 Bf4 17. Rd3 Qe8 18. Rc2 Rd8 19. Re2 Rxd3 20. Qxd3 Qd8 21.
Qf3 Ng6 22. g3 Bxe4 23. Qxe4 Qg5 24. h4 Qg4 25. Nd5 Kh8 26. Bd1 f5 27. Qb4 Bd6
28. Qxg4 fxg4 29. Re4 h5 30. Nc3 Ne5 31. Bc2 a6 32. Nd5 Nd7 33. Ne7 Rf6 34. Re2
Nf8 35. Nd5 Rf7 36. Re8 Bc5 37. Ne3 Bxe3 38. fxe3 Rf6 39. e4 Kg8 40. e5 Rf3 41.
Kg2 g6 42. e6 Kg7 43. e7 Nh7 44. Rg8+ Kxg8 45. e8=Q+ Nf8 46. Bb3+ Kg7 47. Qe7+
Kh6 48. Qe5 Nh7 49. Qxc7 b5 50. Qb6 Nf6 51. Bc2 Kg7 52. Qxa6 Re3 53. Qxb5 Re7
54. Qd3 Kf8 55. Qxg6 0-1

[Event "Mondiale Lampo FIDE 2019"]
[Site "Mosca"]
[Date "30.12.2019"]
[Round "19.65"]
[White "Khanin, Semen"]
[Black "Alekseenko, Kirill"]
[Result "0-1"]
[WhiteTitle "IM"]
[BlackTitle "GM"]
[WhiteElo "2500"]
[BlackElo "2704"]
[WhiteFideId "4111990"]
[BlackFideId "4135539"]
[EventDate "2019.12.29"]

1. e4 e5 2. Nf3 Nc6 3. Bb5 a6 4. Ba4 d6 5. O-O Bd7 6. c4 Nge7 7. d4 Ng6 8. Nc3
Be7 9. Re1 O-O 10. h3 h6 11. Bxc6 bxc6 12. dxe5 dxe5 13. Be3 Qc8 14. Na4 f5 15.
exf5 Bxf5 16. Nh2 Nh4 17. Bc5 Bxc5 18. Nxc5 Bxh3 19. gxh3 Qxh3 20. Qg4 Nf3+ 21.
Qxf3 Rxf3 22. Nxf3 Qg4+ 23. Kf1 Qxf3 24. Kg1 Qg4+ 25. Kh2 Rf8 26. Ne4 Rf5 0-1

[Event "Mondiale Lampo FIDE 2019"]
[Site "Mosca"]
[Date "30.12.2019"]
[Round "19.66"]
[White "Rakhmanov, Aleksandr"]
[Black "Suleymanli, Aydin"]
[Result "1-0"]
[WhiteTitle "GM"]
[BlackTitle "IM"]
[WhiteElo "2645"]
[BlackElo "2473"]
[WhiteFideId "4173708"]
[BlackFideId "13413937"]
[EventDate "2019.12.29"]

1. d4 d5 2. c4 e6 3. Nc3 Be7 4. Nf3 Nf6 5. g3 O-O 6. Bg2 b6 7. O-O Bb7 8. cxd5
exd5 9. Ne5 Na6 10. Bg5 c5 11. e3 Nc7 12. Bxf6 Bxf6 13. f4 Qe7 14. Rf2 Rfd8 15.
Rd2 Rac8 16. Qb3 c4 17. Qa3 Qxa3 18. bxa3 Rb8 19. a4 Be7 20. a3 f6 21. Nf3 Bf8
22. Ne1 Bc6 23. Rb2 b5 24. axb5 Nxb5 25. Rab1 Bxa3 26. Rxb5 Bxb5 27. Rxb5 Bb4
28. Bxd5+ Kh8 29. Nc2 Bxc3 30. Rc5 Rb1+ 31. Kg2 Rb2 32. Be4 a5 33. Rxc4 Bb4 34.
Kf3 Bf8 35. h4 Ra2 36. Bc6 Rc8 37. Ne1 Rb2 38. Nd3 Rb3 39. Ke2 Rb6 40. d5 f5 41.
Kf3 Bd6 42. g4 g6 43. h5 Kg7 44. e4 Rb3 45. Ke3 fxe4 46. Kxe4 Rc7 47. hxg6 Re7+
48. Ne5 hxg6 49. g5 Rb1 50. Ba4 Re1+ 51. Kd4 Rb7 52. Nd3 Ra1 53. Bc2 Ra3 54. Rc6
Bxf4 55. Nxf4 Rb4+ 56. Rc4 Rf3 57. Nxg6 Rb7 58. Be4 Rfb3 59. Nf4 Ra3 60. d6 Rd7
61. Rc7 1-0

[Event "Mondiale Lampo FIDE 2019"]
[Site "Mosca"]
[Date "30.12.2019"]
[Round "19.67"]
[White "Rozum, Ivan"]
[Black "Shcherbakov, Ruslan"]
[Result "1/2-1/2"]
[WhiteTitle "GM"]
[BlackTitle "GM"]
[WhiteElo "2573"]
[BlackElo "2527"]
[WhiteFideId "24104272"]
[BlackFideId "4102240"]
[EventDate "2019.12.29"]

1. Nf3 Nf6 2. g3 b5 3. Bg2 Bb7 4. Na3 a6 5. c4 e5 6. O-O Bxa3 7. bxa3 d6 8. Qb3
O-O 9. a4 Nbd7 10. axb5 Nc5 11. Qc2 axb5 12. cxb5 Ra4 13. Nxe5 Bxg2 14. Kxg2 Qe8
15. Nd3 Qe4+ 16. Kg1 Rc4 17. Qd1 Nxd3 18. exd3 Qxd3 19. Bb2 Ng4 20. a4 h5 21.
Ra3 Qg6 22. d3 Rc5 23. h3 Nh6 24. Qf3 Rf5 25. Qg2 Rc5 26. Bd4 Rc2 27. a5 Nf5 28.
Ba1 Ne3 29. Qe4 Nxf1 30. Kxf1 Qxe4 31. dxe4 Ra8 32. Bd4 Rc4 33. Be3 Rxe4 34. b6
cxb6 35. Bxb6 Rb4 36. Rd3 Rb5 37. Rxd6 Rbxa5 38. Bxa5 Rxa5 1/2-1/2

[Event "Mondiale Lampo FIDE 2019"]
[Site "Mosca"]
[Date "30.12.2019"]
[Round "19.68"]
[White "Rychagov, Andrey"]
[Black "Tran, Tuan Minh"]
[Result "1-0"]
[WhiteTitle "GM"]
[BlackTitle "GM"]
[WhiteElo "2545"]
[BlackElo "2529"]
[WhiteFideId "4119932"]
[BlackFideId "12401820"]
[EventDate "2019.12.29"]

1. d4 Nf6 2. c4 e6 3. Nf3 b6 4. a3 Ba6 5. Qb3 c5 6. d5 exd5 7. cxd5 d6 8. Nc3 g6
9. Bf4 Bg7 10. Qa4+ Qd7 11. Qxd7+ Kxd7 12. e3 Nh5 13. Bg5 h6 14. Bh4 Bxf1 15.
Kxf1 Na6 16. g4 Nf6 17. h3 Nc7 18. Ke2 Nfxd5 19. Nxd5 Nxd5 20. Rad1 Kc6 21. Rd2
Nc7 22. Bg3 Rad8 23. Rhd1 Ne8 24. b4 f6 25. Rc1 Bf8 26. bxc5 bxc5 27. Rb2 Nc7
28. Nd4+ Kd7 29. Rb7 Kc8 30. Rxa7 Rh7 31. Nc6 Re8 32. a4 Kd7 33. Rxc5 Ra8 34.
Rxa8 Nxa8 35. Rc1 Nc7 36. Nb8+ Kd8 37. a5 Nb5 38. Nc6+ Ke8 39. a6 Rc7 40. Kd2
Na7 41. Nxa7 Rxa7 42. Ra1 Kd7 43. Kd3 Kc6 44. e4 Be7 45. Kc4 Bd8 46. f3 Bb6 47.
h4 h5 48. gxh5 gxh5 49. Bf4 f5 50. exf5 Rf7 51. Bg5 d5+ 52. Kd3 Ba7 53. f6 Kb5
54. Re1 Bc5 55. Re7 Rf8 56. a7 Ka6 57. Rd7 Bxa7 58. f7 Bc5 59. Bh6 Rc8 60. Rxd5
Bf8 61. Bxf8 Rxf8 62. Rf5 Kb6 63. Ke4 Kc6 64. Kf4 Kd6 65. Kg5 Ke7 66. Kxh5 Rh8+
67. Kg6 Kf8 68. h5 1-0

[Event "Mondiale Lampo FIDE 2019"]
[Site "Mosca"]
[Date "30.12.2019"]
[Round "19.69"]
[White "Sjugirov, Sanan"]
[Black "Yanchenko, Roman"]
[Result "1/2-1/2"]
[WhiteTitle "GM"]
[BlackTitle "FM"]
[WhiteElo "2665"]
[BlackElo "2463"]
[WhiteFideId "4189302"]
[BlackFideId "4137329"]
[EventDate "2019.12.29"]

1. d4 d5 2. c4 e6 3. Nf3 Nf6 4. Nc3 c6 5. Bg5 h6 6. Bxf6 Qxf6 7. e3 Bd6 8. Bd3
O-O 9. Qc2 Nd7 10. O-O Qe7 11. c5 Bc7 12. e4 dxe4 13. Nxe4 e5 14. Rfe1 exd4 15.
Nd6 Qf6 16. Ne8 Qd8 17. Nxc7 Qxc7 18. Re7 Qf4 19. Re4 Qf5 20. b4 Nf6 21. Rxd4
Qh5 22. Rh4 Qd5 23. Rd1 Kh8 24. h3 Be6 25. Bc4 Qf5 26. Qxf5 Bxf5 27. Rf4 Be4 28.
Ne5 Kg8 29. Nd7 Nxd7 30. Rxd7 Bg6 31. Rxb7 a5 32. b5 cxb5 33. Bxb5 Rac8 34. c6
Rfe8 35. Rc4 Bd3 36. Rc3 Bxb5 37. Rxb5 a4 38. c7 f6 39. Rd5 Kf7 40. a3 Re1+ 41.
Kh2 Re7 42. Rdc5 Ke6 43. R5c4 Kd6 44. Rd4+ Ke5 45. Rdc4 Kd6 46. Rd3+ Ke6 47.
Rdc3 Kd6 48. Rd4+ Ke5 49. Re3+ Kxd4 50. Rxe7 g5 51. Kg3 f5 52. f4 Kc4 53. fxg5
hxg5 54. Re5 Rxc7 55. Rxf5 Rg7 56. Kg4 Kb3 57. Rf3+ Kb2 58. g3 Rg8 59. Re3 Rg7
60. Kf5 Rg8 61. g4 Ka2 62. Kf6 Kb2 63. Kf7 Rb8 64. Kg6 Rb3 65. Re4 Kxa3 66. Kxg5
Rxh3 67. Kg6 Kb3 68. g5 1/2-1/2

[Event "Mondiale Lampo FIDE 2019"]
[Site "Mosca"]
[Date "30.12.2019"]
[Round "19.70"]
[White "Vokhidov, Shamsiddin"]
[Black "Sutovsky, Emil"]
[Result "1/2-1/2"]
[WhiteTitle "IM"]
[BlackTitle "GM"]
[WhiteElo "2526"]
[BlackElo "2643"]
[WhiteFideId "14204223"]
[BlackFideId "2802007"]
[EventDate "2019.12.29"]

1. e4 c5 2. Nf3 d6 3. Nc3 a6 4. d4 cxd4 5. Nxd4 Nf6 6. h3 e5 7. Nde2 h5 8. Bg5
Be6 9. Bxf6 Qxf6 10. Nd5 Qd8 11. Qd3 Nd7 12. O-O-O g6 13. Kb1 Bg7 14. Ng1 Nc5
15. Qe3 Rc8 16. Nf3 Nxe4 17. Qxe4 Bf5 18. Qa4+ b5 19. Bxb5+ axb5 20. Qxb5+ Kf8
21. Ne3 Rb8 22. Qc6 Be6 23. Rxd6 Qa5 24. Rxe6 fxe6 25. Qd6+ Kf7 26. Ng5+ Kf6 27.
Ne4+ Kf7 28. Qd7+ Kg8 29. f3 Rxb2+ 30. Kxb2 Qb6+ 31. Ka1 Qxe3 32. Rb1 Kh7 33.
Rb7 Qc1+ 34. Rb1 Qxc2 35. Rb7 Qc1+ 36. Rb1 Qe3 37. Rb3 Qc1+ 38. Rb1 Qe3 39. Rb3 1/2-1/2

[Event "Mondiale Lampo FIDE 2019"]
[Site "Mosca"]
[Date "30.12.2019"]
[Round "19.71"]
[White "Petrosian, Tigran L."]
[Black "Moiseenko, Vadim"]
[Result "1-0"]
[WhiteTitle "GM"]
[BlackTitle "GM"]
[WhiteElo "2601"]
[BlackElo "2526"]
[WhiteFideId "13301616"]
[BlackFideId "4123700"]
[EventDate "2019.12.29"]

1. Nf3 Nf6 2. g3 g6 3. Bg2 Bg7 4. d3 O-O 5. e4 d6 6. O-O e5 7. a4 c6 8. a5 h6 9.
b4 Kh7 10. Bb2 Na6 11. c3 Qe7 12. Nbd2 Nc7 13. Re1 Bd7 14. d4 Rad8 15. dxe5 dxe5
16. Qe2 Bc8 17. Nc4 Nd7 18. Rad1 Nb5 19. Nfd2 Nf6 20. h3 Rfe8 21. Qe3 Nd7 22.
Na3 a6 23. Nac4 Nf8 24. Nb6 Be6 25. Bf1 Nd7 26. Na4 Rc8 27. Nc4 c5 28. Ncb6 Nxb6
29. Nxb6 Rc7 30. Nd5 Bxd5 31. Rxd5 c4 32. Red1 Qe6 33. Qb6 Qe7 34. h4 Rc6 35.
Qe3 Rc7 36. Bh3 h5 37. Rd7 Qf6 38. Kg2 Rxd7 39. Rxd7 Re7 40. Rd1 Qc6 41. Rd5 Bh6
42. Qb6 Qxb6 43. axb6 Kg7 44. Kf1 f6 45. Ke2 Kf7 46. Bd7 Bf8 47. Kd1 g5 48. Kc2
gxh4 49. gxh4 Bh6 50. Bxb5 axb5 51. Rxb5 Rd7 52. Rc5 Rd2+ 53. Kb1 Rxf2 54. Rc7+
Ke6 55. Rxb7 Be3 56. Rb8 Kd7 57. b5 Rh2 58. Ba3 Rh1+ 59. Kc2 Rxh4 60. b7 Rh2+
61. Kd1 Rd2+ 62. Ke1 Kc7 63. Rf8 Kxb7 64. Bc5 Bg5 65. Rf7+ Kc8 66. b6 Rd7 67.
Rf8+ Kb7 68. Rh8 h4 69. Ke2 Kc6 70. Rc8+ Kb7 71. Rh8 Rd2+ 72. Kf3 Rd3+ 73. Kg4
Rd7 74. Kf5 Kc6 75. Ke6 Rb7 76. Rc8+ Kb5 77. Bg1 h3 78. Rh8 Bd2 79. Rxh3 Bg5 80.
Rh2 Kc6 81. Rb2 Bh4 82. Rb4 Be1 1-0

[Event "Mondiale Lampo FIDE 2019"]
[Site "Mosca"]
[Date "30.12.2019"]
[Round "19.72"]
[White "Donchenko, Alexander"]
[Black "Ganguly, Surya Shekhar"]
[Result "0-1"]
[WhiteTitle "GM"]
[BlackTitle "GM"]
[WhiteElo "2644"]
[BlackElo "2633"]
[WhiteFideId "24603295"]
[BlackFideId "5002150"]
[EventDate "2019.12.29"]

1. Nf3 Nf6 2. b3 g6 3. Bb2 Bg7 4. c4 c5 5. g3 d6 6. d4 Ne4 7. Nbd2 Qa5 8. Bg2
Nc6 9. e3 Bg4 10. O-O Nxd2 11. Qxd2 Qxd2 12. Nxd2 cxd4 13. Nf3 Bxf3 14. Bxf3 O-O
15. Bxc6 bxc6 16. Bxd4 c5 17. Bxg7 Kxg7 18. e4 a5 19. a4 Rab8 20. Ra3 Rb6 21.
Rd1 g5 22. f4 gxf4 23. gxf4 Kf6 24. Kf2 Rg8 25. Rd3 Rg4 26. Rf3 Rb8 27. Ra2 Rbg8
28. Ke3 Rg1 29. Rd2 Rb8 30. Kf2 Rb1 31. Rdd3 Rb2+ 32. Kg1 Re2 33. Rde3 Rg8+ 34.
Kh1 Rxe3 35. Rxe3 e5 36. Rg3 Rxg3 37. hxg3 exf4 38. gxf4 Ke6 39. Kg2 f5 40. Kf3
Kf6 41. Ke3 h5 42. Kf3 h4 43. exf5 Kxf5 44. Ke3 Kg4 45. f5 Kxf5 46. Kf3 Kg5 47.
Kg2 Kg4 48. Kh2 h3 49. Kh1 Kg3 50. Kg1 h2+ 0-1

[Event "Mondiale Lampo FIDE 2019"]
[Site "Mosca"]
[Date "30.12.2019"]
[Round "19.73"]
[White "Galkin, Alexander"]
[Black "Bosiocic, Marin"]
[Result "0-1"]
[WhiteTitle "GM"]
[BlackTitle "GM"]
[WhiteElo "2611"]
[BlackElo "2623"]
[WhiteFideId "4120426"]
[BlackFideId "14507927"]
[EventDate "2019.12.29"]

1. Nf3 d5 2. d4 Nf6 3. Bf4 e6 4. e3 Bd6 5. Bg3 c5 6. c3 O-O 7. Nbd2 Qc7 8. Be2
Nbd7 9. O-O Bxg3 10. hxg3 e5 11. dxe5 Nxe5 12. a4 Bf5 13. Nxe5 Qxe5 14. Qb3 Qe7
15. Bf3 Rad8 16. Rfd1 Rd7 17. a5 Rfd8 18. Qa3 Bc2 19. Rdc1 Bd3 20. b4 c4 21. b5
Qe5 22. Qc5 a6 23. Ra4 axb5 24. Qxb5 Qd6 25. Rb4 Ra8 26. Ra1 Qe5 27. Ra3 h5 28.
Qb6 Ra6 29. Qd4 Qxd4 30. exd4 Re7 31. Rb5 Rd6 32. Ra1 g5 33. Rb6 Rxb6 34. axb6
Re6 35. Ra8+ Kg7 36. Rd8 Rxb6 37. g4 Rb2 0-1

[Event "Mondiale Lampo FIDE 2019"]
[Site "Mosca"]
[Date "30.12.2019"]
[Round "19.74"]
[White "Pigusov, Evgeny"]
[Black "Yilmaz, Mustafa"]
[Result "1-0"]
[WhiteTitle "GM"]
[BlackTitle "GM"]
[WhiteElo "2555"]
[BlackElo "2604"]
[WhiteFideId "4100514"]
[BlackFideId "6302718"]
[EventDate "2019.12.29"]

1. Nf3 c5 2. c4 Nc6 3. Nc3 Nf6 4. g3 d5 5. cxd5 Nxd5 6. Bg2 Nc7 7. Qa4 Bd7 8.
Qe4 Ne6 9. e3 g6 10. d4 cxd4 11. exd4 Bg7 12. O-O Ncxd4 13. Nxd4 Bxd4 14. Bh6
Bc6 15. Qxc6+ bxc6 16. Bxc6+ Qd7 17. Bxd7+ Kxd7 18. Rfd1 Rhd8 19. Ne2 Kc6 20.
Rac1+ Kb7 21. Nxd4 Nxd4 22. Kg2 f6 23. Rd3 Rd6 24. Be3 Rad8 25. Rdc3 Ne6 26.
Rb3+ Ka8 27. h4 R6d7 28. Rc6 Nc7 29. h5 Nd5 30. Bc5 gxh5 31. Ra6 Rc8 32. Bd4 Rb8
33. Rba3 Rbb7 34. Rc6 Kb8 35. Rc5 Rbc7 36. Rca5 Rb7 37. Bc5 e5 38. b4 Rbc7 39.
Rf3 Rc6 40. Rf5 h4 41. gxh4 Nf4+ 42. Kf3 a6 43. Ke4 Ne6 44. Rh5 Nf4 45. Rf5 Kb7
46. a3 Ne6 47. Rh5 Nf4 48. Rf5 Nd5 49. Rf3 Nf4 50. Rg3 Ne2 51. Rg8 Nc3+ 52. Kf5
Nd5 53. Rf8 Nc7 54. Rxf6 e4 55. Rxc6 Kxc6 56. Be3 Rd3 57. Rc5+ Kb7 58. Bf4 Nd5
59. Bg3 Nc3 60. Rc4 Kb6 61. a4 Nxa4 62. Rxe4 Nc3 63. Re7 h5 64. Kg5 Rd5+ 65. Kg6
Kb5 66. Rb7+ Kc4 67. f4 Ne4 68. Be1 Rd1 69. Rc7+ Kb5 70. Bc3 Rg1+ 71. Kxh5 Ng3+
72. Kh6 Nf5+ 73. Kh7 Nxh4 74. Rb7+ Kc4 75. Be5 Nf5 76. Rb6 Rg4 77. Rf6 Ne3 78.
Bd6 Nd5 79. Rf8 Rg1 80. f5 Kd3 81. f6 Ke4 82. f7 Nf6+ 83. Kh8 Kf5 1-0

[Event "Mondiale Lampo FIDE 2019"]
[Site "Mosca"]
[Date "30.12.2019"]
[Round "19.75"]
[White "Murzin, Volodar"]
[Black "Gasanov, Eldar"]
[Result "1-0"]
[WhiteTitle "IM"]
[BlackTitle "GM"]
[WhiteElo "2442"]
[BlackElo "2481"]
[WhiteFideId "44155573"]
[BlackFideId "14104466"]
[EventDate "2019.12.29"]

1. e4 c5 2. Nf3 Nc6 3. Bb5 Nf6 4. Bxc6 dxc6 5. d3 Bg4 6. Nbd2 Nd7 7. O-O e5 8.
h3 Bh5 9. Re1 Bd6 10. Nf1 O-O 11. Ng3 Bg6 12. a4 Re8 13. Bg5 f6 14. Be3 Nf8 15.
Nh4 Bf7 16. Nhf5 Ne6 17. Qg4 Kh8 18. h4 Bf8 19. h5 Nd4 20. Nxd4 cxd4 21. Bd2 Qc8
22. Qh4 Qe6 23. Rf1 c5 24. b3 b6 25. Nf5 h6 26. f4 Rac8 27. Rf3 Bg8 28. Raf1 Bh7
29. fxe5 Qxe5 30. Qg4 Qe6 31. Qg3 Bxf5 32. Rxf5 Bd6 33. Qg6 Rc7 34. Bxh6 gxh6
35. Rxf6 Qe5 36. Qxh6+ Kg8 37. Rxd6 Rg7 38. Rg6 Re7 39. Rf5 Qc7 40. Rfg5 1-0

[Event "Mondiale Lampo FIDE 2019"]
[Site "Mosca"]
[Date "30.12.2019"]
[Round "19.76"]
[White "Atabayev, Saparmyrat"]
[Black "Turov, Maxim"]
[Result "0-1"]
[WhiteTitle "IM"]
[BlackTitle "GM"]
[WhiteElo "2425"]
[BlackElo "2574"]
[WhiteFideId "14000571"]
[BlackFideId "4120086"]
[EventDate "2019.12.29"]

1. d4 Nf6 2. c4 e6 3. Nf3 Bb4+ 4. Bd2 a5 5. g3 d6 6. Bg2 Nc6 7. O-O e5 8. d5 Ne7
9. Nc3 Bf5 10. Ne1 O-O 11. Nd3 Bxd3 12. exd3 Nf5 13. Nb5 Bc5 14. Bh3 Nd4 15.
Nxd4 Bxd4 16. Be3 c5 17. dxc6 bxc6 18. Bxd4 exd4 19. Bg2 Qb6 20. Qa4 Ra6 21. Qa3
c5 22. Rfe1 Qb4 23. Qxb4 axb4 24. a4 bxa3 25. bxa3 Nd7 26. f4 Nb6 27. Re7 Na4
28. Rb1 Nc3 29. Rb3 g6 30. Bb7 Ra7 31. Rd7 Rb8 32. Kg2 Kg7 33. Bc6 Rxd7 34. Rxb8
Rc7 35. Bb7 Re7 36. Bf3 Re3 37. Rb6 Rxd3 38. Rxd6 Rd2+ 39. Kh3 h5 40. Rc6 Rf2
41. Bd5 Ne2 42. Rc7 Ng1+ 43. Kh4 Rxh2+ 44. Kg5 Nh3+ 45. Kh4 Nxf4+ 46. Kg5 Nh3+
47. Kh4 Nf4+ 48. Kg5 Nxd5 49. cxd5 d3 50. Rb7 Rf2 51. g4 Rg2 52. Kf4 d2 53. Rb1
Rxg4+ 54. Ke5 Rd4 55. Rd1 h4 56. a4 h3 57. a5 h2 58. a6 h1=Q 59. Rxh1 d1=Q 60.
Rxd1 Rxd1 61. d6 Kf8 62. a7 Ra1 63. d7 Ke7 0-1